La casa de los espíritus / (Record no. 53143)
[ view plain ]
| 000 -CABECERA | |
|---|---|
| campo de control de longitud fija | 00807nam a2200265 a 4500 |
| 003 - IDENTIFICADOR DEL NÚMERO DE CONTROL | |
| campo de control | DO-SdBNP |
| 005 - FECHA Y HORA DE LA ÚLTIMA TRANSACCIÓN | |
| campo de control | 20240306172149.0 |
| 007 - CAMPO FIJO DE DESCRIPCIÓN FÍSICA--INFORMACIÓN GENERAL | |
| campo de control de longitud fija | ta |
| 008 - DATOS DE LONGITUD FIJA--INFORMACIÓN GENERAL | |
| campo de control de longitud fija | 230302e1986 sp ||||er|||| 00| fdspa d |
| 020 ## - NÚMERO INTERNACIONAL ESTÁNDAR DEL LIBRO | |
| Número Internacional Estándar del Libro | 8401380111 |
| 040 ## - FUENTE DE LA CATALOGACIÓN | |
| Centro catalogador/agencia de origen | DO-SdBNP |
| Lengua de catalogación | spa |
| Centro/agencia transcriptor | BNPHU |
| 082 #4 - NÚMERO DE LA CLASIFICACIÓN DECIMAL DEWEY | |
| Número de clasificación | Ch863.44 |
| Número de documento/Ítem | A432ca, 1986 |
| Número de edición | 22 |
| 100 1# - ENTRADA PRINCIPAL--NOMBRE DE PERSONA | |
| Nombre de persona | Allende, Isabel, |
| Fechas asociadas al nombre | 1942- |
| 9 (RLIN) | 24166 |
| 245 10 - MENCIÓN DE TÍTULO | |
| Título | La casa de los espíritus / |
| Resto del título | Isabel Allende. |
| 246 14 - FORMA VARIANTE DE TÍTULO | |
| Título propio/Titulo breve | La casa de los espíritus : |
| Resto del título | novela |
| 250 ## - MENCIÓN DE EDICIÓN | |
| Mención de edición | 21a. ed. |
| 260 ## - PUBLICACIÓN, DISTRIBUCIÓN, ETC. | |
| Lugar de publicación, distribución, etc. | Barcelona : |
| Nombre del editor, distribuidor, etc. | Plaza & Llanes, |
| Fecha de publicación, distribución, etc. | 1986 |
| 300 ## - DESCRIPCIÓN FÍSICA | |
| Extensión | 380 p. ; |
| Dimensiones | 21 cm. |
| 490 ## - MENCIÓN DE SERIE | |
| Mención de serie | Literaria |
| 500 ## - NOTA GENERAL | |
| Nota general | Incluye datos biográficos de la autora en las solapas de las cubiertas. |
| 590 ## - NOTA LOCAL (RLIN) | |
| Nota local | Inventariado 2023 / MF |
| 650 ## - PUNTO DE ACCESO ADICIONAL DE MATERIA--TÉRMINO DE MATERIA | |
| Término de materia o nombre geográfico como elemento de entrada | Novela chilena |
| 9 (RLIN) | 3163 |
| 650 ## - PUNTO DE ACCESO ADICIONAL DE MATERIA--TÉRMINO DE MATERIA | |
| Término de materia o nombre geográfico como elemento de entrada | Literatura chilena |
| 9 (RLIN) | 3164 |
| 942 ## - ELEMENTOS DE PUNTO DE ACCESO ADICIONAL (KOHA) | |
| Fuente del sistema de clasificación o colocación | Dewey Decimal Classification |
| Tipo de ítem Koha | Libro |
| Estado de retiro | Estado de pérdida | Fuente del sistema de clasificación o colocación | Restricciones de uso | No para préstamo | Código de colección | Localización permanente | Ubicación/localización actual | Ubicación en estantería | Fecha de adquisición | Fuente de adquisición | Signatura topográfica completa | Código de barras | Fecha visto por última vez | Precio válido a partir de | Tipo de ítem Koha |
|---|---|---|---|---|---|---|---|---|---|---|---|---|---|---|---|
| Dewey Decimal Classification | Préstamo en sala | General | Biblioteca Nacional Pedro Henríquez Ureña | Biblioteca Nacional Pedro Henríquez Ureña | Depósito | 02.03.2012 | Donado por FUNDI | BNPHU GR Ch863.44 A432ca 1986 | 2023-1053 | 02.03.2023 | 02.03.2023 | Libro |
